Normal view MARC view
  • Matthes, Eric,

Entry Personal Name

Number of records used in: 1

001 - CONTROL NUMBER

  • control field: 89112

003 - CONTROL NUMBER IDENTIFIER

  • control field: NUST

005 - DATE AND TIME OF LATEST TRANSACTION

  • control field: 20220217120506.0

008 - FIXED-LENGTH DATA ELEMENTS

  • fixed length control field: 220217|| aca||aabn | a|a d

040 ## - CATALOGING SOURCE

  • Original cataloging agency: NUST
  • Transcribing agency: NUST

100 ## - HEADING--PERSONAL NAME

  • Personal name: Matthes, Eric,
  • Dates associated with a name: 1972-

670 ## - SOURCE DATA FOUND

  • Source citation: Work cat.: (NUST)587944: Matthes, Eric, 1972- author., Python Crash Course :
© 2023 Central Library, National University of Sciences and Technology. All Rights Reserved.